000 00981nam0a22002411 4500
001 rc\2605171
005 20250623132610.0
035 _a(NLR Aleph) 006769181
090 _a5926310
_c5926310
100 _a20110914d1930 |||y0rusy50 ca
101 0 _arus
102 _aRU
105 _aa b |||||
200 1 _aДвигатель комбайна Мак Кормик Диринг № 11
_eРуководство и каталог запасных частей
_fГос. объединение зерновых сов. хоз-в СССР "Зернотрест"
210 _aМосква
_aЛенинград
_cСельхозгиз
_d1930
_g7-я тип. Мосполиграфа "Искра революции"
215 _a48 с.
_cил., черт.
_d21х15 см.
710 0 2 _aЗернотрест
_cМосква
_9700745
_3RU\NLR\AUTH\880519977
801 0 _aRU
_bNLR
_gpsbo
801 1 _aRU
_bELAR
_2rusmarc
852 _aNLR
_j30.10/1820
942 _cBOOK
980 _aNB